000 00655naa a2200229 i 4500
001 75145
003 ES-MaBCM
005 20250529062615.0
008 010522s2001 fra 000 0 fre d
021 _axx
035 _a(OCoLC)1365215738
040 _cES-MaBCM
041 0 _afre
043 _afra
100 1 _aDutrieux, Damien
_913729
245 1 0 _aLes premiers décrets d'application de la loi SRU
_cDamien Dutrieux
650 2 7 _aUrbanismo
_960580
651 4 _aFrancia
_9115364
655 4 _aLegislación comentada
_9115338
773 0 _aEn:
_tLa semaine juridique
_dParis : 2001
_w104649
_gnº 19, mai, p. 913-915. - Loc. S.302
942 _cAREV
999 _c75145
_d75145